De la regeneración del pueblo a la huelga general. Génesis y evolución histórica del movimiento popular en Chile, 1810-1890

Uloženo v:
Podrobná bibliografie
Hlavní autor: Grez Toso, Sergio Santiago (autor)
Médium: Kniha
Jazyk:španělština
Vydáno: Santiago, Chile: Ril editores, 2007.
Vydání:2a. ed.
Edice:Bibliodiversidad
Témata:
Tagy: Přidat tag
Žádné tagy, Buďte první, kdo vytvoří štítek k tomuto záznamu!

MARC

LEADER 00000cam a2200000 a 4500
001 UCI5308
003 CL-VaPUC
005 20240402114137.0
008 080320e20070000CL |||||||||||||||||spa|d
999 |c 329061  |d 329059 
020 |a 9789562845571 
040 |c Pontificia Universidad Católica de Valparaíso 
082 0 4 |a 331.880983 GRE 2007  |2 21 
100 |a Grez Toso, Sergio Santiago  |e autor  |9 597802 
245 1 0 |a De la regeneración del pueblo a la huelga general. Génesis y evolución histórica del movimiento popular en Chile, 1810-1890 
250 |a 2a. ed. 
260 |a Santiago, Chile:  |b Ril editores,  |c 2007. 
300 |a 869 páginas.  
490 0 |a Bibliodiversidad 
583 |a last modification  |c 20160829 04:40:57  |k Rodrigo Vera 
650 0 |a Movimientos sociales   |9 872391  |z Chile   |x Historia   |y Siglo19 
650 0 |a Movimiento obrero   |9 322899  |z Chile  |y Siglo 19 
942 |c BK  |2 ddc 
945 |d 20080320 00:00:00  |a rbrito 
952 |0 0  |1 0  |3 erb  |4 0  |6 331_880983000000000_GRE_2007  |7 0  |8 A  |9 413367  |a BIBHIS  |b BIBHIS  |d 2019-11-22  |i 441795K  |o 331.880983 GRE 2007  |p 441795K  |r 2025-01-20  |w 2019-11-22  |y BK  |k HIS 
952 |0 0  |1 0  |3 erb  |4 0  |6 331_880983000000000_GRE_2007  |7 0  |8 A  |9 413368  |a BIBHIS  |b BIBHIS  |d 2019-11-22  |i 442493K  |o 331.880983 GRE 2007  |p 442493K  |r 2025-01-20  |w 2019-11-22  |y BK  |k HIS 
952 |0 0  |1 0  |3 erb  |4 0  |6 331_880983000000000_GRE_2007  |7 0  |8 A  |9 413369  |a BIBCUR  |b BIBCUR  |d 2019-11-22  |i 5011396  |l 1  |o 331.880983 GRE 2007  |p 5011396  |r 2025-04-22  |s 2024-11-13  |w 2019-11-22  |y BK  |z Catalogado en:20130930  |k PER